Consecuencias de la modernidad

Збережено в:
Бібліографічні деталі
Автор: Giddens, Anthony (Автор)
Формат: Книга
Мова:Іспанська
Опубліковано: Madrid Alianza 1993
Серія:Alianza Universidad, 760
Предмети:
Теги: Додати тег
Немає тегів, Будьте першим, хто поставить тег для цього запису!

MARC

LEADER 00000nam a2200000 a 4500
001 UCZ2057
003 CL-VaPUC
008 950925e19930000SP |||||||||||||||||spa|d
082 0 4 |a 303.4  |b GID  |2 21 
100 |a Giddens, Anthony  |e author  |9 456060 
245 1 0 |a Consecuencias de la modernidad 
300 |a 166 p 
942 |c BK 
945 |d 19950925 00:00:00  |a awong 
260 |a Madrid  |b Alianza  |c 1993 
650 0 |a Modernidad   |9 265371 
650 0 |a Cambio social   |9 256857 
650 0 |a Sociología del cambio   |9 337801 
650 0 |a Procesos sociales  |9 337802 
650 0 |a Conflicto social  |9 255404 
583 |a last modification  |c 19950925 00:00:00  |k Rodrigo Vera 
490 0 |a Alianza Universidad, 760 
999 |c 238713  |d 238711 
952 |0 0  |1 0  |4 0  |6 303_400000000000000_GID_1993  |7 0  |8 A  |9 249128  |a BIBHIS  |b BIBHIS  |d 2019-11-18  |i 313654K  |l 1  |o 303.4 GID 1993  |p 313654K  |r 2025-01-20  |s 2023-07-07  |w 2019-11-18  |y BK  |k HIS 
952 |0 0  |1 0  |4 0  |6 303_400000000000000_GID_1993  |7 0  |8 A  |9 249129  |a BIBEDU  |b BIBEDU  |d 2019-11-18  |i 3445933  |o 303.4 GID 1993  |p 3445933  |r 2019-11-18  |w 2019-11-18  |y BK  |k FIL